| 000 | 00576nam a2200169Ia 4500 | ||
|---|---|---|---|
| 008 | 110201s9999 xx 000 0 und d | ||
| 082 |
_bB6900 _aK 2220 |
||
| 100 | _aयादव मारुती | ||
| 245 | _aपून्हा बहरले दिवस | ||
| 260 | _bअनुराधा प्रकाशन | ||
| 365 | _b70 | ||
| 600 | _aयादव मारुती | ||
| 630 | _aपून्हा बहरले दिवस | ||
| 700 | _aयादव मारुती | ||
| 730 | _aपून्हा बहरले दिवस | ||
| 942 | _cBOOK | ||
| 999 |
_c832476 _d832473 |
||